| 000 | 00545nam a22001577a 4500 | ||
|---|---|---|---|
| 008 | 211026b ||||| |||| 00| 0 eng d | ||
| 020 | _a 0567087549 | ||
| 050 |
_a BS1275.2 _b.R62 2002 |
||
| 100 | _a Rofé, Alexander | ||
| 245 |
_aDeuteronomy : _b|issues and interpretation / _cAlexander Rofé |
||
| 260 |
_a London ; _aNew York : _bT and T Clark,| _c2002 |
||
| 300 |
_a xiii, 258 pages : _c23 cm |
||
| 500 | _aIncludes bibliographical references and indexes | ||
| 650 |
_aBible.Deuteronomy _xCriticism, interpretation, |
||
| 942 |
_2lcc _cBK |
||
| 999 |
_c57095 _d57095 |
||